000 00478nam a2200157Ia 4500
003 GCL
005 20240530105329.0
008 140319s9999 xx 000 0 ara d
040 _aGCL /
_cGCL
082 0 4 _a347.01
_bا ا
100 0 _aاحمد مليجى
245 1 0 _aالاختصاص القيمى والنوعى والمحلى للمحاكم /
_cاحمد مليجى
260 _a[S.N] :
_bدار النهضة العربية ،
_c1992
300 _a303ص
942 _2ddc
_cBK
999 _c54992
_d54992